| 000 | 00419cam a2200169ua 4500 | ||
|---|---|---|---|
| 041 |
_aeng _h |
||
| 082 |
_a512 _bBAR/HI |
||
| 100 | _aBernard, S . | ||
| 245 |
_aHigher algebra / _cS Bernard. _hTextual Documents |
||
| 250 |
_a1 / _b. |
||
| 260 |
_aMelbourne,London : _bMacMillan and Company Limited , _c1960. |
||
| 300 | _a585 ; . | ||
| 504 | _a | ||
| 700 | 1 | _aChild , J M . | |
| 942 | _cBK | ||
| 999 |
_c10122 _d10122 |
||